Brooklyn Nets Best Team By Decade - Statistics

General Stats
  • This quiz has been taken 120 times
  • The average score is 14 of 30
Answer Stats
Season Player % Correct
2020-21 Kyrie Irving
98%
2020-21 Kevin Durant
97%
2020-21 James Harden
92%
2001-02 Jason Kidd
92%
2013-14 Deron Williams
82%
1983-84 Buck Williams
81%
2020-21 Joe Harris
70%
2013-14 Kevin Garnett
69%
1978-79 George Johnson
66%
2013-14 Joe Johnson
66%
2001-02 Kenyon Martin
66%
2013-14 Paul Pierce
66%
2020-21 DeAndre Jordan
62%
1978-79 Eddie Jordan
62%
1993-94 Derrick Coleman
52%
2001-02 Kerry Kittles
45%
2001-02 Keith Van Horn
44%
1993-94 Kenny Anderson
33%
1993-94 P.J. Brown
27%
1983-84 Albert King
26%
1978-79 Bernard King
26%
1983-84 Micheal Ray Richardson
26%
1978-79 John Williamson
15%
2001-02 Todd MacCulloch
13%
1983-84 Otis Birdsong
11%
1993-94 Benoit Benjamin
7%
1983-84 Darryl Dawkins
7%
2013-14 Shaun Livingston
7%
1993-94 Kevin Edwards
4%
1978-79 Jan van Breda Kolff
1%
No matching quizzes found
Score Distribution
Percent of People with Each Score
Percentile by Number Answered
Your Score History
You have not taken this quiz